Wild Dog Habitats Map Quiz (by pictures) - Statistics

General Stats
  • This quiz has been taken 86 times
  • The average score is 5 of 9
Answers on the Map
Answers color-coded by a green-red scale on the quiz's map according to % correct below.
 
Answer Stats
Answer % Correct
78%
73%
71%
63%
59%
47%
46%
44%
37%
No matching quizzes found
Score Distribution
Percent of People with Each Score
Percentile by Number Answered
Your Score History
You have not taken this quiz